000 00401pab a2200157 454500
008 180718b2017 xxu||||| |||| 00| 0 eng d
100 _aJoshi, Deepak C.
245 _aSocio-cultural change in Jaunsari tribes of Uttarakhand
260 _c2017
300 _ap.49-54.
362 _aJan
650 _aTribes - India - Uttarakhand
650 _aTribes
773 _aThird Concept
909 _a114005
999 _c113999
_d113999